| 000 | 00543nam a22002054a 4500 | ||
|---|---|---|---|
| 001 | 3072 | ||
| 003 | CDMR | ||
| 005 | 20131213164259.0 | ||
| 008 | 130130s1987||||sp |||||||||||||||||spa|d | ||
| 020 | _a8476830475 | ||
| 040 |
_aCDMR _bcat _cCPC GIRONA |
||
| 100 | 1 |
_94527 _aMolina Foix, Vicente |
|
| 245 | 1 | 0 |
_aFan fatal _cVicente Molina Foix |
| 260 |
_aMadrid _bLibertarias _c1987 |
||
| 300 | _a250 p. | ||
| 490 | 0 |
_aTelevisión _v23 |
|
| 650 | 0 | 4 |
_91780 _aTelevisió _zEspanya |
| 650 | 0 | 4 |
_94529 _aTelevisió _vRessenyes _xProgrames |
| 942 |
_cMON _2udc |
||
| 999 |
_c3072 _d3072 |
||